000
00202 a2200097 4500
020
_a
9780836880014
041
_a
spa
100
_a
Rausch,Monica L.
245
_a
Los hermanos Wright y el avion
942
_c
BK
999
_c
8843
_d
8843